| 000 | 01261nam a2200397 i 4500 | ||
|---|---|---|---|
| 001 | 12007 | ||
| 003 | KOSZ 005 | ||
| 005 | 20240405063010.0 | ||
| 008 | 990506s1969 pl a |000 0 pol | ||
| 015 | _aPB 1969/9127 | ||
| 035 | _a(OCoLC)749549881 | ||
| 040 |
_aWA N _cWA N _dKOSZ 005/HR |
||
| 041 | 1 |
_apol _hger |
|
| 080 | _a53 | ||
| 080 | _a54 | ||
| 080 | _a61 | ||
| 080 | _a929-052 | ||
| 100 | 1 |
_aBonin, Wulf von. _eAutor |
|
| 245 | 1 | 0 |
_aLaureaci nagrody Nobla : _bchemia, fizyka, medycyna / _cWulf von Bonin, Erich Bagge, Robert Herrlinger ; [tl. z niem.]. |
| 260 |
_aWarszawa : _bIskry, _c1969. |
||
| 300 |
_a252, [4] s., 40 k. tabl. : _bil., err. ; _c19 cm. |
||
| 380 | _aKsiążki | ||
| 658 | _aNauka i badania | ||
| 648 | 4 | _a1901-2000 | |
| 650 | 4 | _aMedycyna | |
| 655 | 4 | _aBiografia | |
| 650 | 4 | _aFizycy | |
| 650 | 4 | _aChemicy | |
| 650 | 4 | _aLaureaci | |
| 650 | 4 | _aNagroda Nobla | |
| 700 | 1 |
_aBagge, Erich _d(1912- ). _eAutor |
|
| 700 | 1 |
_aHerrlinger, Robert. _eAutor |
|
| 710 | 2 |
_aPaństwowe Wydawnictwo "Iskry" _4pbl. |
|
| 856 |
_uhttp://koha.tu.koszalin.pl/cgi-bin/koha/opac-detail.pl?biblionumber=12007 _yKatalog online BPK |
||
| 942 |
_2UKD _cKS |
||
| 999 |
_c12007 _d12007 |
||